| 000 | 00537nam a22001937a 4500 | ||
|---|---|---|---|
| 005 | 20240809111638.0 | ||
| 008 | 240809b |||||||| |||| 00| 0 eng d | ||
| 020 | _a81-7808-530-5 | ||
| 082 |
_a338.5024 _bPET-M |
||
| 100 | _aPetersen, Craige.H | ||
| 245 |
_aManagerial Economics/ _cH. Craige Petersen |
||
| 250 | _a4th ed. | ||
| 260 |
_aIndia; _bPearson Education; _c2004. |
||
| 300 |
_axvi, 672 p.: _bill.; _c24.5 cm. |
||
| 500 | _aIncludes index. | ||
| 650 | _aSocial Sciences/Economics | ||
| 700 | _aW.Cris Lewis | ||
| 999 |
_c36355 _d36355 |
||